00637nam a2200181Ia 4500001000800000003000500008008004100013010001100054040000900065100003100074245018200105260003100287300000900318410002500327650003100352700003800383700003400421Para_78CHAP220125s1985 xx 000 0 und d a198651 cCHAP aLópez García, Héctor aPeruano p-80 y negro Sinaloa, Nuevas variedades de frijol para el noroeste de México /c por Héctor López García, Fernando Fco. Hérnandez R. y Franklin G. Rodriguez C aCuliacán, Sin. :b INIA a6 p. aFolleto técnico; 6 aFrijolxVariedadxMéxico aI. Fco. Hérnandez R., Fernando  aII. G. Rodriguez C., Franklin